00787nam a2200205 a 450000100100000000500170001000800410002702000150006804000250008308200150010810000260012324500970014926000720024630000280031849000290034670000400037583000360041595201130045199900170056400004168420201002035713.0131015s1996 sp a 000 0 spa d a840007114X aDO-SdBNPbspacBNPHU axxxbH641f1 aHilbert, David96849210aFundamentos de la geometría /cDavid Hilbert ; introducción José Manuel Sánchez Ron. aMadrid :bConsejo Superior de Investigaciones Científicas,c1996. a319 p. :bil. ;c21 cm.1 aTextos universitariosv512aSánchez Ron, José Manuel914923 0aTextos universitariosn5968493 001050718MOaGRbGRcCTd2013-10-15iLF1l0oxxx H641fp41684-10r2020-06-25w2020-06-25y1ZNo se presta c41174d41174